000 00702cam a22002533a 4500
001 33039
003 PGUSA
005 20140828083720.0
008 100701s2010||||xxu|||||s|||||000 1 eng d
040 _aPGUSA
_beng
042 _adc
050 4 _aPS
100 1 _aMulford, Clarence Edward,
_d1883-1956
245 1 4 _aThe Orphan
_h[electronic resource] /
_cClarence Edward Mulford
260 _bProject Gutenberg,
_c2010
506 _aPublic domain in the USA.
516 _aElectronic text
653 _aFiction
653 _aWestern stories
700 1 _aTrue, Allen Tupper,
_d1881-1955
830 0 _aProject Gutenberg
_v33039
856 4 0 _uhttp://www.gutenberg.org/ebooks/33039
942 _cEB
999 _c262294
_d262294